Loading...
vyavharik anuvad/
| Main Author: | |
|---|---|
| Format: | Printed Book |
| Language: | Hindi |
| Published: |
New Delhi :
Pratibha Pratishthan,
c
|
| LEADER | 00482nam a22001457a 4500 | ||
|---|---|---|---|
| 008 | 200318b ||||| |||| 00| 0 hin d | ||
| 999 | |c 349937 |d 349937 | ||
| 020 | |a 818582777X | ||
| 041 | |a Hindi | ||
| 100 | |a Vishwanath Iyer, N E | ||
| 245 | |a vyavharik anuvad/ |c N E Vishwanath Iyer | ||
| 260 | |a New Delhi : |b Pratibha Pratishthan, |c c | ||
| 300 | |a 285p.; | ||
| 942 | |c BK | ||
| 952 | |0 0 |1 0 |2 ddc |4 0 |7 0 |9 403991 |a HIN |b HIN |c ST1 |d 2020-03-18 |e Book Shop |i 26261 |l 0 |p HIN26261 |r 2020-03-18 |v 300.00 |w 2020-03-18 |y BK | ||